[Event "Hessen-ch U14/18 Girls"]
[Site "Bad Homburg"]
[Date "2013.??.??"]
[Round "7"]
[White "Chrapko, Sonja"]
[Black "Kolchugina, Lada"]
[Result "1-0"]
[WhiteElo "1018"]
[BlackElo "1158"]
[PlyCount "71"]
[EventDate "2013.03.??"]
[EventType "swiss"]
[EventRounds "7"]
[EventCountry "GER"]
[SourceTitle "EXT 2014"]
[Source "ChessBase"]
[SourceDate "2013.11.20"]
[SourceVersion "1"]
[SourceVersionDate "2013.11.20"]
[SourceQuality "1"]

1. e4 e5 2. Nf3 Nc6 3. Nc3 Nf6 4. a3 a6 5. d4 exd4 6. Nxd4 Nxd4 7. Qxd4 b6 8. b4 c5 9. bxc5 Bxc5 10. Qe5+ Qe7 11. Qxe7+ Bxe7 12. Be3 b5 13. Bd3 Bb7 14. f3 d5 15. exd5 Nxd5 16. Nxd5 Bxd5 17. c3 0-0 18. Kf2 Rac8 19. Bd4 Bc5 20. Rhc1 Rfe8 21. Bxc5 Rxc5 22. a4 Bc4 23. Bxc4 bxc4 24. Re1 Rce5 25. Rxe5 Rxe5 26. Rb1 Kf8 27. Rb6 Re6 28. Rb8+ Ke7 29. Rc8 Kd7 30. Rxc4 Rc6 31. Rxc6 Kxc6 32. Ke3 Kc5 33. Kd3 Kd5 34. f4 f5 35. h3 h5 36. h4 1-0

[Event "GER-chT U14 Girls"]
[Site "Magdeburg"]
[Date "2012.12.28"]
[Round "4.1"]
[White "Mao, Yvonne"]
[Black "Kolchugina, Lada"]
[Result "1/2-1/2"]
[WhiteElo "1180"]
[BlackElo "1162"]
[PlyCount "57"]
[EventDate "2012.12.27"]
[EventType "team-swiss"]
[EventRounds "7"]
[EventCountry "GER"]
[SourceTitle "EXT 2014"]
[Source "ChessBase"]
[SourceDate "2013.11.20"]
[SourceVersion "1"]
[SourceVersionDate "2013.11.20"]
[SourceQuality "1"]
[WhiteTeam "Gernsheim"]
[BlackTeam "Langen"]
[WhiteTeamCountry "GER"]
[BlackTeamCountry "GER"]

1. e4 e5 2. Nf3 Nc6 3. Nc3 Nf6 4. a3 Bc5 5. Nxe5 Nxe5 6. d4 Bxd4 7. Qxd4 Nc6 8. Qd3 0-0 9. Bg5 h6 10. Bh4 Ne5 11. Qd4 Ng6 12. Bxf6 Qxf6 13. Qxf6 gxf6 14. Nd5 Kg7 15. Nxc7 Rb8 16. 0-0-0 b6 17. Bc4 Ne5 18. Bb3 Bb7 19. f4 Rbc8 20. Nb5 Ng4 21. Rxd7 Bc6 22. Rxf7+ Rxf7 23. Bxf7 Bxb5 24. Be6 Nf2 25. Bxc8 Nxh1 26. Bg4 Nf2 27. Bf3 Bc6 28. Kd2 Nxe4+ 29. Ke3 1/2-1/2

[Event "GER-ch U12"]
[Site "Oberhof"]
[Date "2012.06.01"]
[Round "10"]
[White "Kolchugina, Lada"]
[Black "Diener, Carolin Valeria"]
[Result "0-1"]
[WhiteElo "1074"]
[BlackElo "1530"]
[PlyCount "54"]
[EventDate "2012.05.27"]
[EventType "swiss"]
[EventRounds "11"]
[EventCountry "GER"]
[SourceTitle "CBM 148 Extra"]
[Source "ChessBase"]
[SourceDate "2012.06.22"]
[SourceVersion "1"]
[SourceVersionDate "2012.06.22"]
[SourceQuality "1"]

1. e4 e5 2. Nf3 Nc6 3. Nc3 Nf6 4. Bb5 Bb4 5. 0-0 0-0 6. d3 d6 7. Bg5 Bxc3 8. bxc3 Qe7 9. Bxc6 bxc6 10. d4 exd4 11. cxd4 Qxe4 12. Bxf6 gxf6 13. Re1 Qf4 14. d5 cxd5 15. Qxd5 Be6 16. Qe4 Qxe4 17. Rxe4 Rab8 18. Nd4 Bxa2 19. h3 Rb2 20. Rg4+ Kh8 21. Rf4 c5 22. Nc6 Rxc2 23. Rxf6 Be6 24. Rxa7 Rc1+ 25. Kh2 Rg8 26. g3 Bd5 27. Ne7 Rh1# 0-1

[Event "GER-ch U12"]
[Site "Oberhof"]
[Date "2012.05.28"]
[Round "4"]
[White "Lohrmann, Tabea"]
[Black "Kolchugina, Lada"]
[Result "0-1"]
[WhiteElo "1339"]
[BlackElo "1074"]
[PlyCount "102"]
[EventDate "2012.05.27"]
[EventType "swiss"]
[EventRounds "11"]
[EventCountry "GER"]
[SourceTitle "CBM 148 Extra"]
[Source "ChessBase"]
[SourceDate "2012.06.22"]
[SourceVersion "1"]
[SourceVersionDate "2012.06.22"]
[SourceQuality "1"]

1. e4 e5 2. Nf3 Nc6 3. d4 exd4 4. Bc4 Nf6 5. Bg5 h6 6. Bxf6 Qxf6 7. c3 Bc5 8. 0-0 0-0 9. Qd3 d6 10. Rd1 dxc3 11. Nxc3 Qg6 12. Nh4 Qf6 13. Qg3 Nd4 14. Nd5 Qe6 15. Rac1 Rb8 16. Re1 b5 17. Bd3 c6 18. Nf4 Qe7 19. Nf5 Nxf5 20. exf5 Qg5 21. Qxg5 hxg5 22. Nh3 f6 23. Re7 Rb7 24. Rxb7 Bxb7 25. Re1 Bd4 26. b3 a6 27. g3 c5 28. Kf1 d5 29. Rc1 Rc8 30. Ng1 c4 31. bxc4 dxc4 32. Be2 Be4 33. g4 c3 34. Nf3 Bb6 35. Ke1 Ba5 36. Nd4 Bg2 37. f3 Rc7 38. Ne6 c2+ 39. Kf2 Bd2 40. Nxc7 Bxc1 41. Bd3 Be3+ 42. Kxe3 c1Q+ 43. Ke2 Qf1+ 44. Kd2 Qxf3 45. Nxa6 Qf4+ 46. Kc3 Qxg4 47. Bxb5 Qxf5 48. Bc4+ Kf8 49. a4 Qh3+ 50. Kb4 Qxh2 51. Kc5 g4 0-1

[Event "Hessen-ch U12"]
[Site "Bad Homburg"]
[Date "2012.??.??"]
[Round "9"]
[White "Kolchugina, Lada"]
[Black "Thomsen, Phil"]
[Result "1-0"]
[WhiteElo "923"]
[BlackElo "1084"]
[PlyCount "65"]
[EventDate "2012.04.??"]
[EventType "swiss"]
[EventRounds "9"]
[EventCountry "GER"]
[SourceTitle "EXT 2015"]
[Source "ChessBase"]
[SourceDate "2014.11.20"]
[SourceVersion "1"]
[SourceVersionDate "2014.11.20"]
[SourceQuality "1"]

1. e4 d5 2. exd5 Qxd5 3. Nc3 Qa5 4. d4 Nf6 5. Nf3 Bg4 6. h3 Bh5 7. g4 Bg6 8. Bd2 Nbd7 9. Nh4 e5 10. Nxg6 hxg6 11. Nb5 Qb6 12. dxe5 a6 13. exf6 axb5 14. Qe2+ Kd8 15. fxg7 Bxg7 16. 0-0-0 Rxa2 17. c3 Qc6 18. Rg1 b4 19. Qd3 b3 20. Bf4 g5 21. Bg2 Qa4 22. Bxg5+ f6 23. Be3 Rxb2 24. Qxd7+ Qxd7 25. Rxd7+ Kxd7 26. Kxb2 b5 27. Rd1+ Ke6 28. Bd5+ Ke5 29. Bxb3 Rxh3 30. Bd4+ Ke4 31. Re1+ Kf3 32. Be6 f5 33. Re3+ 1-0

[Event "Hessen-ch U12"]
[Site "Bad Homburg"]
[Date "2012.??.??"]
[Round "5"]
[White "Kolchugina, Lada"]
[Black "Walk, Maximilian"]
[Result "0-1"]
[WhiteElo "923"]
[BlackElo "1071"]
[PlyCount "96"]
[EventDate "2012.04.??"]
[EventType "swiss"]
[EventRounds "9"]
[EventCountry "GER"]
[SourceTitle "EXT 2015"]
[Source "ChessBase"]
[SourceDate "2014.11.20"]
[SourceVersion "1"]
[SourceVersionDate "2014.11.20"]
[SourceQuality "1"]

1. e4 e5 2. Nf3 Nc6 3. Nc3 Nf6 4. Bb5 Nd4 5. Nxd4 exd4 6. Ne2 Nxe4 7. Nxd4 Bc5 8. Qe2 0-0 9. 0-0 Re8 10. Qc4 a6 11. Ba4 b5 12. Bxb5 axb5 13. Nxb5 d5 14. Qb3 Rb8 15. d3 Nxf2 16. Rxf2 Bxf2+ 17. Kxf2 Qf6+ 18. Kg3 c6 19. Qc3 Rxb5 20. Qxf6 gxf6 21. c4 dxc4 22. dxc4 Rbe5 23. Bf4 Re2 24. b4 Be6 25. c5 Rxa2 26. Rxa2 Bxa2 27. h4 Re4 28. Bd2 f5 29. Kf3 Kf8 30. Bh6+ Ke7 31. b5 cxb5 32. Bf4 Kd7 33. g4 Rxf4+ 34. Kxf4 fxg4 35. Kxg4 b4 36. h5 b3 37. Kg5 b2 38. Kf6 b1Q 39. h6 Qf1+ 40. Kg7 Ke7 41. Kxh7 Qg2 42. Kh8 f6 43. h7 Qa8+ 44. Kg7 Qf8+ 45. Kg6 Bb1+ 46. Kh5 Bxh7 47. Kh4 Qg7 48. c6 Bf5 0-1

[Event "Hessen-ch U12"]
[Site "Bad Homburg"]
[Date "2012.??.??"]
[Round "7"]
[White "Schwarz, Daniel"]
[Black "Kolchugina, Lada"]
[Result "0-1"]
[WhiteElo "787"]
[BlackElo "923"]
[PlyCount "52"]
[EventDate "2012.04.??"]
[EventType "swiss"]
[EventRounds "9"]
[EventCountry "GER"]
[SourceTitle "EXT 2015"]
[Source "ChessBase"]
[SourceDate "2014.11.20"]
[SourceVersion "1"]
[SourceVersionDate "2014.11.20"]
[SourceQuality "1"]

1. e4 e5 2. Nf3 Nc6 3. Bc4 Nf6 4. d3 d5 5. exd5 Nxd5 6. Ng5 h6 7. Ne4 Nf6 8. Qf3 Be7 9. Nbc3 Nd4 10. Qd1 0-0 11. 0-0 a6 12. a3 b5 13. Ba2 Bb7 14. Re1 a5 15. Be3 b4 16. Ne2 Nxe4 17. dxe4 Bxe4 18. Rc1 bxa3 19. bxa3 Bxa3 20. Rb1 Bxc2 21. Qd2 Bb4 22. Qc1 Bxb1 23. Qxb1 Bxe1 24. Qxe1 Nc2 25. Qc1 Nxe3 26. Qxe3 Qd1# 0-1